Engineering mechanics: (Record no. 9765)

MARC details
000 -LEADER
fixed length control field 00640nam a22002057a 4500
003 - CONTROL NUMBER IDENTIFIER
control field OSt
005 - DATE AND TIME OF LATEST TRANSACTION
control field 20260423030605.0
008 - FIXED-LENGTH DATA ELEMENTS--GENERAL INFORMATION
fixed length control field 260423b |||||||| |||| 00| 0 eng d
020 ## - INTERNATIONAL STANDARD BOOK NUMBER
International Standard Book Number 981-4119-82-2
040 ## - CATALOGING SOURCE
Original cataloging agency DWCL-Main lib.
Transcribing agency OC
082 ## - DEWEY DECIMAL CLASSIFICATION NUMBER
Edition number 3rd ed.
Classification number Circ. 620.1 B393e 2002
100 ## - MAIN ENTRY--PERSONAL NAME
Personal name Bedford, Anthony
245 ## - TITLE STATEMENT
Title Engineering mechanics:
Remainder of title statics and dynamics/
Statement of responsibility, etc. Anthony Bedford
250 ## - EDITION STATEMENT
Edition statement 3rd ed.
260 ## - PUBLICATION, DISTRIBUTION, ETC.
Place of publication, distribution, etc. U.S.A. :
Name of publisher, distributor, etc. Prentice Hall,
Date of publication, distribution, etc. c2002.
300 ## - PHYSICAL DESCRIPTION
Extent xiii, 580 pages:
Other physical details illustrations;
Dimensions 24 centimeters.
504 ## - BIBLIOGRAPHY, ETC. NOTE
Bibliography, etc. note includes index
700 ## - ADDED ENTRY--PERSONAL NAME
Personal name Fowler, Wallace
942 ## - ADDED ENTRY ELEMENTS (KOHA)
Source of classification or shelving scheme Dewey Decimal Classification
Koha item type Book Circulation
Edition 3rd ed.
Classification part Circ.
Suppress in OPAC No
952 ## - LOCATION AND ITEM INFORMATION (KOHA)
--
Holdings
Withdrawn status Lost status Source of classification or shelving scheme Damaged status Not for loan Home library Current library Shelving location Date acquired Cost, normal purchase price Total Checkouts Full call number Barcode Date last seen Copy number Price effective from Koha item type Uniform Resource Identifier
    Dewey Decimal Classification     College Library College Library Circulation 04/23/2026 0.00   Circ. 620.1 B393e 2002 CL36025 04/23/2026 c1 04/23/2026 BK-CIRC